|
|
|
|
| LEADER |
00000nab a2200000 a 4500 |
| 001 |
vtls010712857 |
| 003 |
SK-MaSNL |
| 005 |
20260304185815.0 |
| 008 |
250709s2000 xo |||||||||||||||||slo| |
| 035 |
|
|
|a (urnnbn)urn:nbn:sk:snk:ar-a048xb
|
| 035 |
|
|
|a (uuid)3f86b5a4-971f-4845-9971-e4e17428ed95
|
| 035 |
|
|
|a urn:nbn:sk:snk-ab3for
|
| 040 |
|
|
|a SNKBUCL
|b slo
|c SNKBUCL
|e AACR2
|
| 041 |
0 |
|
|a eng
|
| 044 |
|
|
|a xo
|c SK
|
| 100 |
1 |
|
|a Maier, H.
|4 aut
|9 1520431
|
| 245 |
1 |
0 |
|a EVALUATION OF THE STRATUS CS AND THREE CARDIAC MARKERS
|c H. Maier, C. Kamm
|
| 700 |
1 |
|
|a Kamm, C.
|4 aut
|9 1520432
|
| 773 |
0 |
|
|t Laboratórna diagnostika : časopis pre pracovníkov diagnostických laboratórií
|g Roč. 5, č. 5 (2000), s. 42-43
|
| 850 |
|
|
|a Slovenská národná knižnica
|
| 852 |
|
|
|a Slovenská národná knižnica
|
| 954 |
|
|
|a odborná, vedecká literatúra cudzojazyčná (svetová)
|2 lita
|
| 958 |
|
|
|a article1
|
| 958 |
|
|
|a OND
|
| 958 |
|
|
|a EUIPO
|
| 999 |
|
|
|c 3046149
|d 3048079
|